[Event "Europe Echecs online op April"]
[Site "Europe Echecs INT"]
[Date "2020.04.11"]
[Round "7"]
[White "Gorgeot, Christophe"]
[Black "Marchal, Quentin"]
[Result "1-0"]
[WhiteElo "1674"]
[BlackElo "2050"]
[PlyCount "81"]
[EventDate "2020.04.11"]
[EventType "swiss (blitz)"]
[EventRounds "11"]
[EventCountry "FRA"]
[SourceTitle "EXT 2021"]
[Source "ChessBase"]
[SourceDate "2020.10.23"]
[SourceVersion "1"]
[SourceVersionDate "2020.10.23"]
[SourceQuality "1"]

1. e4 c5 2. b3 d6 3. Bb2 Nf6 4. Nc3 Nc6 5. Bb5 g6 6. d3 Bg7 7. Bxc6+ bxc6 8. Nge2 0-0 9. 0-0 d5 10. e5 Nd7 11. f4 e6 12. Na4 Ba6 13. Ba3 Bb5 14. Nxc5 Nxc5 15. Bxc5 Re8 16. Nd4 Qc7 17. Bd6 Qb7 18. a4 Ba6 19. Qd2 Red8 20. Kh1 Rxd6 21. exd6 Bxd4 22. Rae1 Bc5 23. d7 Qxd7 24. Qa5 Bb6 25. Qxa6 Rc8 26. a5 Bc5 27. c3 Rb8 28. b4 Bd6 29. d4 Rb5 30. g3 Qc7 31. Re2 Kf8 32. Rc2 Ke7 33. Rfc1 Kd7 34. c4 Rxb4 35. cxd5 c5 36. dxc5 Bf8 37. dxe6+ fxe6 38. Rd1+ Ke8 39. Qxe6+ Be7 40. Qg8+ Bf8 41. Re2+ 1-0